00280nam a2200097Ia 4500008004100000245006000041260003900101300001200140650001000152650002000162220216s9999 xx 000 0 und d 0aIndian rubber industry is poised for spectacular growth bRubber Asia 20th Anniversary Issue a161-165 aIndia aRubber industry